| 000 | 00570nam a2200145 i 4500 | ||
|---|---|---|---|
| 001 | 36054 | ||
| 003 | ES-MaACL | ||
| 005 | 20230906155303.0 | ||
| 007 | t| | ||
| 008 | 201103s1873 sp ||||1| spa d | ||
| 245 | 0 | 3 |
_aEl Patronato de la Iglesia-hospital de Italianos, reivindicado por el Gobierno español en favor de la Colonia Italiana de Madrid _b: documentos, hechos y argumentos contra la anterior administración, correspondiente a sacerdotes españoles. |
| 260 |
_aMadrid : _bDiego Valero, _c1873. |
||
| 300 |
_a100 p. ; _c21 cm. |
||
| 852 |
_aES-MaACL _jT-364-F-15 |
||
| 999 |
_c36054 _d36054 |
||